New frontiers in an old world / (Record no. 1806)

MARC details
000 -LEADER
fixed length control field 00721cam a2200265 a 4500
001 - CONTROL NUMBER
control field 1728832
003 - CONTROL NUMBER IDENTIFIER
control field GBCCL
005 - DATE AND TIME OF LATEST TRANSACTION
control field 20241126110409.0
008 - FIXED-LENGTH DATA ELEMENTS--GENERAL INFORMATION
fixed length control field 841220s1962 tnu 000 0 eng d
010 ## -
-- 62011538 //r
035 ## - SYSTEM CONTROL NUMBER
System control number (OCoLC)ocn683799616
035 ## - SYSTEM CONTROL NUMBER
System control number 1728832
040 ## - CATALOGING SOURCE
Original cataloging agency TBT
Transcribing agency TBT
Modifying agency YUS
049 ## -
-- YUTI
082 ## - DEWEY DECIMAL CLASSIFICATION NUMBER
Classification number 266.0095
Item number CRA
099 ## - LOCAL FREE-TEXT CALL NUMBER (OCLC)
Classification number MR1
-- C859n
100 1# - MAIN ENTRY--PERSONAL NAME
Personal name Crawley, Winston,
Dates associated with a name 1920-
9 (RLIN) 3752
245 10 - TITLE STATEMENT
Title New frontiers in an old world /
Statement of responsibility, etc. Winston Crawley.
260 ## - PUBLICATION, DISTRIBUTION, ETC.
Place of publication, distribution, etc. Nashville, Tenn. :
Name of publisher, distributor, etc. Convention Press,
Date of publication, distribution, etc. c1962.
300 ## - PHYSICAL DESCRIPTION
Extent 130 p. :
Other physical details ill. ;
Dimensions 19 cm.
650 #0 - SUBJECT ADDED ENTRY--TOPICAL TERM
Topical term or geographic name entry element Missions
Geographic subdivision East Asia.
9 (RLIN) 3753
650 #0 - SUBJECT ADDED ENTRY--TOPICAL TERM
Topical term or geographic name entry element Baptists
General subdivision Missions.
9 (RLIN) 2908
942 ## - ADDED ENTRY ELEMENTS (KOHA)
Source of classification or shelving scheme Dewey Decimal Classification
Koha item type Books
948 ## - LOCAL PROCESSING INFORMATION (OCLC); SERIES PART DESIGNATOR (RLIN)
Series part designator, SPT (RLIN) RECON
Holdings
Withdrawn status Lost status Source of classification or shelving scheme Damaged status Not for loan Home library Current Library Shelving location Date acquired Total checkouts Full call number Barcode Date last seen Copy number Price effective from Koha item type
    Dewey Decimal Classification     GRACE BIBLE COLLEGE GRACE BIBLE COLLEGE Ministry & Mission 2017-05-25   266.0095 CRA 008376 2025-05-01 c.1 2017-05-25 Books
    Dewey Decimal Classification     GRACE BIBLE COLLEGE GRACE BIBLE COLLEGE Ministry & Mission 2018-03-19   266.0095 CRA 009263 2025-05-01 c.2 2018-03-19 Books
© Grace Bible College Library 2025